Państwa nieuznające Izraela - Statystyki

Ogólne statystyki
  • Ten quiz został rozwiązany 370 razy
  • Średni wynik to 15 z 27
Statystyki odpowiedzi
Państwa % Poprawnych
Irak
86%
Arabia Saudyjska
81%
Syria
79%
Jemen
77%
Oman
77%
Liban
70%
Katar
69%
Pakistan
69%
Afganistan
67%
Zjednoczone Emiraty Arabskie
67%
Algieria
66%
Kuwejt
66%
Libia
66%
Bahrajn
63%
Maroko
62%
Sudan
62%
Palestyna
55%
Somalia
55%
Tunezja
55%
Indonezja
47%
Korea Północna
41%
Malezja
35%
Bangladesz
34%
Dżibuti
31%
Brunei
26%
Bhutan
21%
Komory
19%
Nie znaleziono quizów pasujących do podanych kryteriów
Rozkład punktacji
Procent ludzi z każdym wynikiem
Percentyl według liczby udzielonych odpowiedzi
Twoja historia wyników
Nie rozwiązałeś tego quizu